| 000 | 00408cam a22001337a 4500 | ||
|---|---|---|---|
| 008 | 180718b1955 xxu||||| |||| 00| 0 eng d | ||
| 082 | _aR23x5453 T697Co | ||
| 100 | _aTravanacore-Cochin. Coir Advisory Committee | ||
| 245 | _aReport of the Coir Advisory Committee, 1955 | ||
| 260 |
_aTrivandrum _bThe author _c1955 |
||
| 300 | _a37p. | ||
| 500 | _aChairman: N. Kunjuraman | ||
| 700 | _aKunjuraman, N., Chairman | ||
| 999 |
_c393935 _d393935 |
||